| 000 | 00838nam a2200229 a 4500 | ||
|---|---|---|---|
| 001 | 84261 | ||
| 003 | BD-RjUL | ||
| 005 | 20241107121948.0 | ||
| 008 | 241107s2024 bg ||||| |||| 00| 0 eng d | ||
| 020 | _a9789849777113 | ||
| 035 | _a(BD-RjUL)84261 | ||
| 040 |
_aBD-RjUL _beng _cBD-RjUL |
||
| 041 | _aben | ||
| 082 |
_a500 _bARL 2024 |
||
| 100 |
_aআরিফ, হোসাইন মুহাম্মদ _914167 |
||
| 245 |
_aলেটস ট্রাই টু অ্যানসার ইয়োর বার্নিং কোয়েশ্চন / _cহোসাইন মুহাম্মদ আরিফ |
||
| 260 |
_aঢাকা : _bঅর্জন প্রকাশন, _c২০২৪ |
||
| 300 |
_a২২৩ পৃ.; _c২২ সেমি. |
||
| 650 | _aবিজ্ঞান | ||
| 650 | _aScience | ||
| 942 |
_2ddc _cBK |
||
| 999 |
_c84261 _d84261 |
||